000 00422nam a2200145 4500
001 123887
003 ES-MaACL
007 t|
008 070214s1910 sp r ||||1| spa d
100 1 _aRamos Bascuñana, Rafael.
_995285
245 1 3 _aLa prenda agrícola
_b: hipoteca mobiliaria /
_cpor Rafael Ramos Bascuñana.
260 _aMadrid :
_bLa Editora,
_c1910.
300 _a369 p. ;
_c23 cm.
852 _aES-MaACL
_jG-14827
999 _c123887
_d123887